00483nam a2200145Ia 4500008004100000100001900041245004400060250000800104260004200112300000800154650001800162942001200180999001500192952013000207191201s2010 xx 000 0 und d aDUTTA, Anirban 0aWinning Strategies Secrets to Clinching aRep aN. DelhibWiley Dreautech Indiac2010 a225 aGeneral Books 2ddccBK c4389d4389 00102ddc40708GENERALaPIETbPIETd2010-02-17eBrijwasi booksg350.00k1942l0p14694r2019-12-04 00:00:00w2010-02-06yBK